Szczegóły MARC21

Doskonalenie procesów zarządzania w przedsiębiorstwach a świadomość menedżerska : praca zbiorowa /

003 -Nazwa inst., której nr kontr. jest w polu 001 [,]
    • @
    • Nazwa instytucji, której n kontrolny jest w polu 001
    • NUKAT
005 -DATA I CZAS OSTATNIEJ MODYFIKACJI [,]
    • @
    • pole kontrolne
    • 20241231092221.0
020 -Międzynarod. znormalizowany nr książki - ISBN [ , ]
    • a
    • Numer ISBN
    • 8372251223 Find
040 -Instytucja sporządzająca opis [ , ]
    • a
    • Instytucja, która sporządziła opis (NP)
    • TOR U/AG
    • c
    • Instytucja, która sporządziła rekord (NP)
    • TOR U/EC
    • d
    • Instytucja, która zmodyfikowała rekord (P)
    • TOR U/AP
    • d
    • Instytucja, która zmodyfikowała rekord (P)
    • KR U/MM
    • d
    • Instytucja, która zmodyfikowała rekord (P)
    • TOR U/IFs
    • d
    • Instytucja, która zmodyfikowała rekord (P)
    • KR U/IFs
942 -Rodzaj dokumentu [ , ]
    • c
    • Rodzaj dokumentu
    • Książka
245 -Strefa tytułu i oznaczenia odpowiedzialności [0,0]
    • a
    • Tytuł
    • Doskonalenie procesów zarządzania w przedsiębiorstwach a świadomość menedżerska : Find
    • b
    • Ciąg dalszy tytułu (NP)
    • praca zbiorowa / Find
    • c
    • Pozostałe elementy strefy tytułu i oznaczenia odpowiedzialności (NP)
    • pod kier. nauk. Mariana Strużyckiego ; [zespół aut. Marian Strużycki et al. ; Szkoła Główna Handlowa].
260 -Strefa adresu wydawniczego [ , ]
    • a
    • Miejsce wydania (P)
    • Warszawa :
    • b
    • Nazwa wydawcy (P)
    • SGH,
    • c
    • Data wydania (P)
    • 2001.
300 -Strefa opisu fizycznego [ , ]
    • a
    • Określenie formy książki i/lub objętość (NP)
    • 232 s. :
    • b
    • Oznaczenie ilustracji (NP)
    • wykr. ;
    • c
    • Format (NP)
    • 24 cm.
336 -Typ zawartości [ , ]
    • a
    • Termin opisujący typ zawartości
    • Tekst
    • b
    • Kod określający zawartość
    • txt
    • 2
    • Źródło (terminu i kodu)
    • rdacontent
337 -Typ mediów [ , ]
    • a
    • Tryb odtwarzania
    • Bez urządzenia pośredniczącego
    • b
    • Kod typu mediów
    • n
    • 2
    • Źródło (terminu i kodu)
    • rdamedia
338 -Typ/rodzaj nośnika [ , ]
    • a
    • Hasło opisujące typ nośnika
    • Wolumin
    • b
    • Kod typu nośnika
    • nc
    • 2
    • Źródło (terminu i kodu)
    • rdacarrier
504 -Uwaga dot. bibliogr. załącznikowej [ , ]
    • a
    • Uwaga dot. bibliografii załącznikowej
    • Bibliogr. przy pracach.
080 -Uniwersalna Klasyfikacja Dziesiętna [ , ]
    • a
    • Symbol klasyfikacji
    • 658.1/.5.012.4
080 -Uniwersalna Klasyfikacja Dziesiętna [ , ]
    • a
    • Symbol klasyfikacji
    • :65.011
650 -Hasło przedmiotowe [ ,7]
    • a
    • Hasło przedmiotowe
    • Zarządzanie przedsiębiorstwem.
    • 2
    • Źródło terminu
    • kaba
    • 9
    • KHW
    • 137518
650 -Hasło przedmiotowe [ ,7]
    • a
    • Hasło przedmiotowe
    • Planowanie strategiczne.
    • 2
    • Źródło terminu
    • kaba
    • 9
    • KHW
    • 124110
650 -Hasło przedmiotowe [ ,7]
    • a
    • Hasło przedmiotowe
    • Przedsiębiorstwa
    • x
    • Określnik rzeczowy
    • reorganizacja.
    • 2
    • Źródło terminu
    • kaba
    • 9
    • KHW
    • 126400
650 -Hasło przedmiotowe [ ,7]
    • a
    • Hasło przedmiotowe
    • Systemy informacyjne zarządzania.
    • 2
    • Źródło terminu
    • kaba
    • 9
    • KHW
    • 131815
980 -Symbol UKD [ , ]
    • a
    • UKD
    • 658.1/.5.012.4:65.011
700 -Hasło dodatkowe - nazwa osobowa [1, ]
    • a
    • Nazwa osobowa (NP)
    • Strużycki, Marian Find
    • d
    • Daty biograficzne (NP)
    • (1930- ).
    • e
    • Określenie rodzaju współpracy
    • Red.
    • 9
    • KHW
    • 24534
920 -ISBN [ , ]
    • a
    • ISBN
    • 83-7225-122-3 Find
Sygnatura Numer inwentarzowy Status udost. Lokalizacja Data inwentaryzacji
 E.69135-2BE2004-02-24
TM.32TM.32-11T2002-05-09
TM.33TM.33-2T2002-05-09